000 02167nmm a2200385 c 4500
003 BLK
005 20230728005209.0
008 180409b bul|||||r ||||||| ||bul||
010 _aKNG00129852000
037 _a334735
_bBG-Ru1RBLK
040 _aBLK
041 _aBUL
_cBUL
072 7 _2bullib
_aК
_xКраезнание
080 _aБългарска литература
_b821.163.2
_x-94
_z821.163.2-94
080 _aАприлско въстание (1876). Четата на Хр. Ботев
_b94(497.2)"1876"
_x(093.3)
_z94(497.2)"1876"(093.3)
100 _aСтоянов, Захарий
_gСтоянов, Захари
_d1850-1889
_qДжедев, Джендо Стоянов
_eпърви автор
_9364101
139 _aСтоянов, Захарий
_bС 83
245 1 0 _aЗаписки по българските въстания
_bРазкази на очевидец : 1870 - 1876
_cЗахари Стоянов; * Захарий Стоянов; предг. от Александър Балабанов.
250 _a2. ново пълно изд.
257 _aBGR
260 _bИгнатов
_c1939
_fСофия : печ. Б. А. Кожухаров
300 _a712 с., 16 л. портр.
_c22 см
380 _aX
490 _9410374
_aПисмените съкровища на Долен Дунав
500 _aКнигата е от Регионална библиотека "Любен Каравелов" - Русе по проект "Писмените съкровища на Долен Дунав"
659 _aК
700 1 _aБалабанов, Александър
_eпредг. от
_9373164
856 _qpdf
_uhttp://87.120.137.51:18080/cgi-bin/koha/opac-retrieve-file.pl?id=01b179655b1ddb6a692fb7c88dd7a947
_fЗаписки по българските въстания Разкази на очевидец
_lreg users access
_xebook
_zЗаписки по българските въстания Разкази на очевидец
942 _cEBKS
_n0
_s1
944 _aCR
_c2021-01-04
_lCRON CRON
_k
999 _c392594
_d392594
999 _d392594
999 _d392594
999 _d392594
999 _d124186